Nové tendy na vybraných asijských trzích

Hlavné zmeny a nové trendy a zhodnotenie ich dôsledkov pre firemné stratégie a postupy. Získavanie ázijských spotrebiteľov. Zmeny v správaní japonských spotrebiteľov.

Uložené v:
Podrobná bibliografia
Hlavný autor: Zamykalová, Miroslava
Ďalší autori: Gullová, Soňa
Médium: Kapitola
Jazyk:Czech
Predmet:
Tagy: Pridať tag
Žiadne tagy, Buďte prvý, kto otaguje tento záznam!

MARC

LEADER 00000naa a2200000 4500
001 0176015
005 20220729110332.6
041 0 |a cze 
044 |a SK 
245 1 0 |a Nové tendy na vybraných asijských trzích  |c Miroslava Zamykalová, Soňa Gullová 
520 |a Hlavné zmeny a nové trendy a zhodnotenie ich dôsledkov pre firemné stratégie a postupy. Získavanie ázijských spotrebiteľov. Zmeny v správaní japonských spotrebiteľov. 
610 2 0 |a trh spotrebiteľský 
610 2 0 |a stratégia podniková 
610 2 0 |a správanie spotrebiteľa 
610 2 0 |a Ázia 
610 2 0 |a Japonsko 
100 1 |a Zamykalová, Miroslava 
700 1 |a Gullová, Soňa